| 000 | 01073naa a22002657i 4500 | ||
|---|---|---|---|
| 001 | 232318 | ||
| 003 | ES-MaBCM | ||
| 005 | 20260219120007.0 | ||
| 008 | 260218s2026 sp ||||| |||| 00| 0 spa d | ||
| 035 | _a(OCoLC)1499519195 | ||
| 040 | _cES-MaBCM | ||
| 100 | 1 |
_aPlasencia Domínguez, Natividad _9124184 |
|
| 245 | 1 | 3 |
_aLa fase de ejecución en el proceso penal tras la LO 1/2025 de Medidas en Materia de Eficiencia del Servicio Público de Justicia _cNatividad Plasencia Domínguez |
| 504 | _aIncluye referencias bibliográficas | ||
| 504 | _aIncluye bibliografía | ||
| 610 | 1 | 0 |
_aEspaña . _tLey Orgánica de medidas en materia de eficiencia del Servicio Público de Justicia, 2025 _9130262 |
| 650 | 7 |
_aProcedimiento judicial _959900 |
|
| 650 | 7 |
_aDerecho procesal penal _958355 |
|
| 650 | 7 |
_aResponsabilidad civil _960114 |
|
| 650 | 7 |
_aEjecución de sentencia _958487 |
|
| 655 | 4 |
_aLegislación comentada _9115338 |
|
| 773 | 0 |
_dLas Rozas, Madrid _gN. 10885 (16 de febrero de 2026) - Loc. En línea _tDiario La Ley _w213918 |
|
| 942 |
_2udc _cAREV |
||
| 999 |
_c232318 _d232318 |
||